| 000 | 00514nam a22001817a 4500 | ||
|---|---|---|---|
| 005 | 20171010120855.0 | ||
| 010 | _aENG-120780 | ||
| 020 |
_a9789386191137 _c320.00 |
||
| 035 | _aEN-104312 | ||
| 037 | _bDBAD/PUB | ||
| 082 | _aN | ||
| 100 | _aSingh,Lokendra | ||
| 245 |
_aAjey!: _cby Lokendra Singh _bthe invincible / |
||
| 260 |
_aNew Delhi _bLifi Publications _c2017 |
||
| 270 |
_a211, 2nd Floor, Gagandeep, 12 Rajendra Place _bNew Delhi _e110008 |
||
| 300 |
_avi,250p. _c20cm(pbk) |
||
| 942 |
_2ddc _cEN _hN _mLOK |
||
| 999 |
_c146392 _d146392 |
||